| 000 | 00907cam a2200265 4500 | ||
|---|---|---|---|
| 008 | 090401t1996 xxu||||| |||| 00| 0 eng d | ||
| 020 | _a0752002171 | ||
| 035 | _a(Sirsi) u68440 | ||
| 041 | _aeng | ||
| 050 | _a333.33 | ||
| 100 | _aBruce-Radcliffe, Godfrey | ||
| 245 | _aPractical property development and finance. | ||
| 260 |
_aLondon _bFT Law & Tax _c1996 |
||
| 300 | _axiii,186p. ; 23cm. | ||
| 350 | _a50 | ||
| 520 | _aA practical guide for professionals to the commercial property development process. Covers site acquisition, the professional team, development cost, the construction process, completion, letting, funding, default and disputes. | ||
| 650 | _aDEVELOPMENT COSTS | ||
| 650 | _aLETTING POLICY | ||
| 650 | _aPROPERTY DEVELOPMENT | ||
| 650 | _aPROPERTY FINANCE | ||
| 650 | _aSITE ASSEMBLY | ||
| 690 | _aPROPERTY-PROPERTY DEVELOPMENT | ||
| 942 | _n0 | ||
| 948 | _c04/03/1997 | ||
| 999 |
_c95101 _d95101 |
||